Statistics for 2020 Election States (DEM vs GOP)

Click here to take the quiz!

General Stats

  • This quiz has been taken 175 times
  • The average score is 48 of 50

Answer Stats

HintAnswer% Correct
MaineDemocrat
100%
VermontDemocrat
99%
MassachusettsDemocrat
99%
Rhode IslandDemocrat
99%
New HampshireDemocrat
99%
ConnecticutDemocrat
98%
New YorkDemocrat
98%
Washington D.CDemocrat
97%
MarylandDemocrat
97%
New JerseyDemocrat
97%
DelawareDemocrat
96%
MinnesotaDemocrat
96%
PennsylvaniaDemocrat
96%
VirginiaDemocrat
96%
GeorgiaDemocrat
95%
New MexicoDemocrat
95%
ColoradoDemocrat
95%
WashingtonDemocrat
95%
WisconsinDemocrat
95%
MichiganDemocrat
95%
IllinoisDemocrat
95%
CaliforniaDemocrat
95%
OregonDemocrat
95%
ArizonaDemocrat
94%
OklahomaRepublican
94%
LouisianaRepublican
94%
TexasRepublican
94%
MississippiRepublican
94%
ArkansasRepublican
94%
AlabamaRepublican
94%
South CarolinaRepublican
94%
North CarolinaRepublican
94%
IowaRepublican
94%
IndianaRepublican
94%
OhioRepublican
94%
West VirginiaRepublican
94%
FloridaRepublican
94%
HawaiiDemocrat
93%
North DakotaRepublican
93%
MissouriRepublican
93%
South DakotaRepublican
93%
WyomingRepublican
93%
NebraskaRepublican
93%
KansasRepublican
93%
IdahoRepublican
93%
MontanaRepublican
93%
TennesseeRepublican
92%
KentuckyRepublican
92%
AlaskaRepublican
92%
UtahRepublican
92%

Score Distribution

Percentile by Number Answered

Percent of People with Each Score

Your Score History

You have not taken this quiz